00800nam a2200205 i 450000100060000000300090000600500170001500700030003200800410003510000470007624501040012326000410022730000200026849000380028870000410032683000460036785200410041399900170045495201230047185058ES-MaACL20240418133625.0t|041125s1958 sp ||||1| spa d1 aJiménez, Juan Ramón,d1881-195896641710aPájinas escojidas / cJuan Ramón Jiménez ; selección y nota preliminar de Ricardo Gullón. a[Madrid] : bGredos, c1958 (fJura) a2 v. ; c20 cm.1 aBiblioteca románica hispánica1 aGullón, Ricardo,d1908-19919609380 aBiblioteca románica hispánica9180746 aES-MaACLjC-14825-6 bR.42407, 42408 c85058d85058 00104070aATENEOMbATENEOMcFICHd2008-01-17eSCl0oC-14825-6p1088887r2023-02-23 00:00:00w2023-02-23yMONOGRAFIA